[Event "USV TU Dresden-Norwegen 3"]
[Site "?"]
[Date "2008.02.11"]
[Round "1.1"]
[White "Schmidt, G."]
[Black "Haug, K."]
[Result "1-0"]
[WhiteElo "2245"]
[BlackElo "1958"]
[PlyCount "87"]
[EventDate "2008.??.??"]

1. d4 Nf6 2. Nf3 d5 3. c4 e6 4. Nc3 Be7 5. Bg5 c6 6. e3 h6 7. Bh4 Nbd7 8. Qc2
dxc4 9. Bxc4 Nd5 10. Bg3 N7f6 11. O-O O-O 12. Rfd1 Qe8 13. h3 a5 14. Rac1 Nxc3
15. bxc3 Qd8 16. e4 b5 17. Be2 Bb7 18. c4 Rc8 19. e5 Ne8 20. Qe4 Qd7 21. Bd3 f5
22. exf6 Nxf6 23. Qe2 Ba3 24. Rb1 bxc4 25. Bxc4 Nd5 26. Ne5 Qe7 27. Ng6 Qf7 28.
Nxf8 Rxf8 29. Rb3 Qe7 30. Rbd3 Bc8 31. Bxd5 cxd5 32. Rc3 Bb4 33. Rc7 Qd8 34.
Rdc1 Bd7 35. Be5 Rf7 36. Qe3 Qh4 37. Ra7 Qd8 38. Rb7 Bf8 39. f4 Qh4 40. Rcc7
Qd8 41. Qd3 Be8 42. Rxf7 Bxf7 43. Qg3 Qe8 44. Rb8 1-0

[Event "USV TU Dresden-Norwegen 3"]
[Site "?"]
[Date "2008.02.11"]
[Round "1.2"]
[White "Kverndal, L."]
[Black "Küttner, U."]
[Result "0-1"]
[WhiteElo "1914"]
[BlackElo "2183"]
[PlyCount "64"]
[EventDate "2008.??.??"]

1. d4 f5 2. g3 Nf6 3. Bg2 g6 4. Nf3 Bg7 5. O-O O-O 6. c4 d6 7. Nc3 Qe8 8. d5 a5
9. Be3 Na6 10. Nd4 h6 11. Rc1 Ng4 12. Qd2 Bd7 13. h3 Nxe3 14. Qxe3 Nc5 15. Ne6
Bxe6 16. dxe6 c6 17. a3 a4 18. Rc2 Rf6 19. h4 Rxe6 20. Qd2 Qf7 21. Nd5 cxd5 22.
Bxd5 Kh7 23. Qb4 Qf6 24. Bxe6 Qxe6 25. f3 Rf8 26. Kg2 h5 27. Qd2 Bh6 28. Qd5
Qe3 29. Rd1 f4 30. Qd4 Qe6 31. Qd5 Qf6 32. Qd4 Qf5 0-1

[Event "USV TU Dresden-Norwegen 3"]
[Site "?"]
[Date "2008.02.11"]
[Round "1.3"]
[White "Petzold, H."]
[Black "Nilsen, K."]
[Result "1-0"]
[WhiteElo "2155"]
[BlackElo "1947"]
[PlyCount "62"]
[EventDate "2008.??.??"]

1. e4 e5 2. Nf3 Nc6 3. Bb5 a6 4. Ba4 Nf6 5. Qe2 b5 6. Bb3 Be7 7. c3 d6 8. d3
O-O 9. Nbd2 Bg4 10. h3 Bh5 11. g4 Bg6 12. Nf1 d5 13. g5 Nxe4 14. dxe4 dxe4 15.
Nh4 Bxg5 16. Bxg5 Qxg5 17. Nxg6 Qxg6 18. Qg4 Rad8 19. Qxg6 hxg6 20. Ng3 b4 21.
Nxe4 bxc3 22. bxc3 Na5 23. Ke2 Rb8 24. Rab1 Rb6 25. Kd2 Rfb8 26. Kc2 Kf8 27.
Rhd1 Ke7 28. Rd5 Nc4 29. Rbd1 Na3+ 30. Kc1 f5 31. Rxe5+ Kf8 1-0

[Event "USV TU Dresden-Norwegen 3"]
[Site "?"]
[Date "2008.02.11"]
[Round "1.4"]
[White "Ovesen, K."]
[Black "Kahn, P."]
[Result "1/2-1/2"]
[WhiteElo "1937"]
[BlackElo "2067"]
[PlyCount "78"]
[EventDate "2008.??.??"]

1. d4 d5 2. Nf3 Nf6 3. Bg5 e6 4. e3 Nbd7 5. Bd3 c5 6. c3 Bd6 7. Nbd2 O-O 8.
dxc5 Nxc5 9. Bc2 b6 10. O-O Ba6 11. Re1 Be7 12. Ne5 Bb7 13. Nb3 Qc7 14. Bf4 Bd6
15. Nxc5 bxc5 16. Ng4 Nxg4 17. Bxd6 Qxd6 18. Qxg4 f5 19. Qg3 Rad8 20. f4 Rf6
21. Re2 Qb6 22. Bd1 Rff8 23. Rd2 Rd6 24. Bf3 Rfd8 25. Qf2 Ba6 26. Rad1 Bc4 27.
b3 Ba6 28. h3 R8d7 29. Kh2 Qd8 30. Be2 Bxe2 31. Qxe2 Qf6 32. c4 Kf7 33. Qf3 Qd8
34. Qh5+ Kg8 35. cxd5 g6 36. Qf3 Rxd5 37. Rxd5 Rxd5 38. Rc1 e5 39. Qe2 Qd6
1/2-1/2

[Event "Dresden-Striesen-England A"]
[Site "?"]
[Date "2008.02.11"]
[Round "1.1"]
[White "Barz, H."]
[Black "Anderton, D."]
[Result "1/2-1/2"]
[WhiteElo "2045"]
[BlackElo "2251"]
[PlyCount "66"]
[EventDate "2008.??.??"]

1. e4 e6 2. d4 d5 3. Nc3 Nf6 4. Bg5 Bb4 5. e5 h6 6. Bd2 Bxc3 7. bxc3 Ne4 8. Be3
Nxc3 9. Qg4 g6 10. Bd3 Nc6 11. Nf3 Ne7 12. h4 Bd7 13. Qf4 Bb5 14. Qf6 Rh7 15.
Bxb5+ Nxb5 16. h5 Ng8 17. Qxd8+ Rxd8 18. hxg6 fxg6 19. Rb1 c6 20. Kd2 Na3 21.
Rb3 Nc4+ 22. Ke2 b5 23. Ra1 a5 24. a4 b4 25. c3 Rb7 26. cxb4 Rdb8 27. Bd2 Nxd2
28. Nxd2 Rxb4 29. Rab1 Ne7 30. Rxb4 axb4 31. Nb3 c5 32. Nxc5 Kf7 33. Kd3 Nc6
1/2-1/2

[Event "Dresden-Striesen-England A"]
[Site "?"]
[Date "2008.02.11"]
[Round "1.2"]
[White "James, G."]
[Black "Groschup, G."]
[Result "1-0"]
[WhiteElo "2189"]
[BlackElo "1886"]
[PlyCount "42"]
[EventDate "2008.??.??"]

1. e4 e6 2. Nc3 d5 3. Nf3 dxe4 4. Nxe4 Nd7 5. d4 Ngf6 6. Nxf6+ Nxf6 7. Bd3 Be7
8. O-O O-O 9. Ne5 c5 10. dxc5 Bxc5 11. Bg5 Be7 12. Qe2 Qc7 13. Rad1 Rd8 14.
Rfe1 Bd7 15. Qf3 h6 16. Bxh6 Bd6 17. Bf4 Be8 18. Qh3 Rac8 19. Be3 a6 20. f4 Bb5
21. c4 Bc6 1-0

[Event "Dresden-Striesen-England A"]
[Site "?"]
[Date "2008.02.11"]
[Round "1.3"]
[White "Neudel, B."]
[Black "Scholes, J."]
[Result "1/2-1/2"]
[WhiteElo "1952"]
[BlackElo "2152"]
[PlyCount "51"]
[EventDate "2008.??.??"]

1. d4 e6 2. c4 c5 3. e3 a6 4. Nc3 Nf6 5. Nf3 d5 6. a3 dxc4 7. Bxc4 b5 8. Be2
Bb7 9. O-O Nbd7 10. dxc5 Bxc5 11. b4 Be7 12. Bb2 O-O 13. Qd4 Qb6 14. Qh4 Rfe8
15. Bd3 h6 16. Qh3 Rac8 17. Rac1 Red8 18. Rfd1 Bxf3 19. Qxf3 Ne5 20. Qe2 Nxd3
21. Rxd3 Rxd3 22. Qxd3 Rd8 23. Qe2 Rd7 24. h3 Qd8 25. Rd1 Rxd1+ 26. Nxd1
1/2-1/2

[Event "Dresden-Striesen-England A"]
[Site "?"]
[Date "2008.02.11"]
[Round "1.4"]
[White "Reuben, S."]
[Black "Kothe, H."]
[Result "1/2-1/2"]
[WhiteElo "2150"]
[BlackElo "1794"]
[PlyCount "78"]
[EventDate "2008.??.??"]

1. c4 Nf6 2. g3 g6 3. Bg2 Bg7 4. Nc3 O-O 5. e4 d6 6. Nge2 c5 7. d4 cxd4 8. Nxd4
a6 9. O-O Qc7 10. Nd5 Nxd5 11. cxd5 Nd7 12. Be3 Nf6 13. h3 Bd7 14. Qd2 Rac8 15.
Rac1 Qb8 16. Qb4 Rxc1 17. Rxc1 Rc8 18. Rxc8+ Qxc8 19. Kh2 b5 20. Nb3 Ne8 21.
Bd4 Bxd4 22. Qxd4 Qc7 23. Qc3 Qxc3 24. bxc3 Nc7 25. Bf1 f5 26. f3 fxe4 27. fxe4
Kf7 28. Kg2 Na8 29. Kf3 Nb6 30. Ke3 Kf6 31. Nd2 g5 32. g4 h6 33. Kd4 e5+ 34.
Kd3 Na4 35. Nb3 Nc5+ 36. Nxc5 dxc5 37. c4 b4 38. Be2 Ke7 39. Bd1 Kd6 1/2-1/2

[Event "Mazowsze-Bahn-Sozialwerk 3"]
[Site "?"]
[Date "2008.02.11"]
[Round "1.1"]
[White "Adamski, J."]
[Black "Bisse, V."]
[Result "1-0"]
[WhiteElo "2333"]
[BlackElo "1972"]
[PlyCount "89"]
[EventDate "2008.??.??"]

1. c4 Nf6 2. Nc3 b6 3. d4 Bb7 4. Qc2 e6 5. a3 d5 6. cxd5 Nxd5 7. Nf3 Be7 8. Bd2
Nd7 9. e4 Nxc3 10. Bxc3 O-O 11. Rd1 c6 12. Bd3 Re8 13. O-O Qc7 14. Rfe1 Nf8 15.
g3 Ng6 16. Rc1 Rac8 17. Qe2 a5 18. h4 h6 19. Bd2 Qd8 20. Red1 Rc7 21. Be3 Qa8
22. h5 Nf8 23. Ne5 Nd7 24. Ng4 Qd8 25. Bf4 Rc8 26. Be3 Bg5 27. f4 Be7 28. e5
Kh8 29. Be4 Rc7 30. Qf3 Qc8 31. f5 c5 32. d5 Bxd5 33. Bxd5 exd5 34. Rxd5 f6 35.
e6 Nb8 36. Bf4 Ra7 37. Rcd1 Rd8 38. Bxb8 Qxb8 39. Qf4 Qc8 40. Nxh6 gxh6 41.
Qxh6+ Kg8 42. Qg6+ Kh8 43. Rxd8+ Bxd8 44. Qe8+ Kg7 45. Rxd8 1-0

[Event "Mazowsze-Bahn-Sozialwerk 3"]
[Site "?"]
[Date "2008.02.11"]
[Round "1.2"]
[White "Alter, H."]
[Black "Olejarczyk, B."]
[Result "0-1"]
[WhiteElo "1714"]
[BlackElo "2163"]
[PlyCount "92"]
[EventDate "2008.??.??"]

1. d4 Nf6 2. e3 d5 3. f4 Bf5 4. Bd3 e6 5. Nf3 Be7 6. O-O O-O 7. Ne5 Nbd7 8. Qe2
c5 9. c3 c4 10. Bxf5 exf5 11. Nd2 Qc7 12. h3 h5 13. Kh2 b5 14. a3 a5 15. Ndf3
g6 16. Bd2 Ne4 17. Be1 Kg7 18. Nd2 Nxd2 19. Qxd2 Nf6 20. Qe2 Ne4 21. Nf3 b4 22.
axb4 axb4 23. Rxa8 Rxa8 24. cxb4 Qb6 25. Nd2 Nxd2 26. Qxd2 Rb8 27. Kg3 Bxb4 28.
Qxb4 Qxb4 29. Bxb4 Rxb4 30. Rf2 f6 31. Kf3 Rb3 32. Re2 h4 33. g4 hxg3 34. Kxg3
g5 35. fxg5 fxg5 36. Kg2 Kg6 37. h4 gxh4 38. Kf3 Rb8 39. Kf4 Kf6 40. Rh2 Rh8
41. Rh3 Rh7 42. Rh1 h3 43. Kg3 Kg5 44. Kf3 Rh4 45. Kg3 Rg4+ 46. Kf3 Kh4 0-1

[Event "Mazowsze-Bahn-Sozialwerk 3"]
[Site "?"]
[Date "2008.02.11"]
[Round "1.3"]
[White "Ziemacki, R."]
[Black "Scholze, R."]
[Result "1/2-1/2"]
[WhiteElo "2200"]
[BlackElo "1998"]
[PlyCount "88"]
[EventDate "2008.??.??"]

1. e4 e6 2. d4 d5 3. Nd2 Be7 4. Bd3 c5 5. dxc5 Bxc5 6. Qg4 Nf6 7. Qg3 dxe4 8.
Nxe4 Nxe4 9. Bxe4 Qd4 10. Qf3 O-O 11. Ne2 Qd7 12. O-O f5 13. Bd3 Nc6 14. Bf4 b6
15. Rad1 Qe8 16. Bb5 Bb7 17. Qg3 Rd8 18. Be5 Qe7 19. Bxc6 Bxc6 20. Nf4 Qf7 21.
Nxe6 Rxd1 22. Rxd1 Re8 23. Rd8 Bf8 24. Rxe8 Bxe8 25. Nxf8 Qxf8 26. h4 Qf7 27.
Bd4 Qe7 28. c4 h5 29. a3 Kh7 30. b4 Bg6 31. Bb2 Qe4 32. Qc3 Qe7 33. c5 bxc5 34.
bxc5 Be8 35. Qg3 Bc6 36. Be5 Qf7 37. Qf4 Qg6 38. g3 Qg4 39. Qxg4 hxg4 40. Kf1
g6 41. Ke2 Kg8 42. Ke3 Kf7 43. Kf4 Ke6 44. Bb8 a5 1/2-1/2

[Event "Mazowsze-Bahn-Sozialwerk 3"]
[Site "?"]
[Date "2008.02.11"]
[Round "1.4"]
[White "Lück, E."]
[Black "Kowalska, E."]
[Result "0-1"]
[WhiteElo "1717"]
[BlackElo "1957"]
[PlyCount "72"]
[EventDate "2008.??.??"]

1. e4 c5 2. Nf3 Nc6 3. Bb5 e6 4. Nc3 Nge7 5. d4 cxd4 6. Nxd4 a6 7. Nxc6 bxc6 8.
Ba4 Ng6 9. O-O Bc5 10. Kh1 O-O 11. a3 Qc7 12. b4 Be7 13. Be3 d5 14. exd5 cxd5
15. Ne2 Rd8 16. c3 e5 17. Rc1 a5 18. Qb3 Be6 19. Qb2 Qb7 20. f4 Nh4 21. Ng3 d4
22. cxd4 Bd5 23. Rf2 axb4 24. Bb3 Bxb3 25. Qxb3 Rxa3 26. Qc4 Rxe3 27. fxe5 Qd5
28. Qc7 Bf8 29. Rcf1 Rd7 30. Qc2 b3 31. Qb2 Qxd4 32. Qxd4 Rxd4 33. Rxf7 Rd8 34.
Rb7 Re8 35. Rb1 R8xe5 36. Kg1 Re1+ 0-1

[Event "TuS Coswig-Brandenburg"]
[Site "?"]
[Date "2008.02.11"]
[Round "1.2"]
[White "Tröger, R."]
[Black "Eiselt, P."]
[Result "1-0"]
[WhiteElo "2203"]
[BlackElo "2025"]
[PlyCount "91"]
[EventDate "2008.??.??"]

1. Nf3 Nf6 2. g3 d5 3. Bg2 c5 4. d3 e6 5. Nbd2 Nc6 6. O-O Be7 7. e4 O-O 8. Re1
Re8 9. e5 Nd7 10. c4 d4 11. Nf1 h6 12. h4 Qc7 13. Bf4 Nf8 14. Qd2 Ng6 15. N1h2
Nxf4 16. Qxf4 Bf8 17. Qd2 a6 18. g4 g6 19. h5 gxh5 20. gxh5 Ne7 21. Ng4 Bg7 22.
Nxh6+ Bxh6 23. Qxh6 Nf5 24. Qg5+ Kh7 25. Qf6 Qe7 26. Ng5+ Kg8 27. Ne4 Bd7 28.
Qxe7 Rxe7 29. Nxc5 Bc6 30. Bxc6 bxc6 31. Ne4 Kh7 32. Nf6+ Kh6 33. Re4 Rb7 34.
Re2 Rab8 35. Rb1 a5 36. Kg2 a4 37. Kf3 c5 38. Ne4 Rg8 39. Rd2 Rc7 40. b4 cxb4
41. Rxb4 Ra7 42. Rc2 Rg1 43. c5 Ne7 44. c6 Rc7 45. Rbc4 a3 46. Nd6 1-0

[Event "TuS Coswig-Brandenburg"]
[Site "?"]
[Date "2008.02.11"]
[Round "1.4"]
[White "Lütje, J."]
[Black "Patzke, K."]
[Result "1-0"]
[WhiteElo "2155"]
[BlackElo "1598"]
[PlyCount "75"]
[EventDate "2008.??.??"]

1. d4 d5 2. Nf3 Nf6 3. e3 e6 4. Bd3 c5 5. c3 Nc6 6. Nbd2 cxd4 7. exd4 Bd6 8.
O-O O-O 9. Re1 Qc7 10. Nf1 Re8 11. Bg5 Be7 12. Ne5 Nxe5 13. dxe5 Nd7 14. Bf4 g6
15. Qf3 Bf8 16. Qg3 Bg7 17. h4 h5 18. Nh2 Nf8 19. Nf3 Nh7 20. Be3 b6 21. Bd4
Bb7 22. Nd2 Rad8 23. f4 Kh8 24. Nf3 Qe7 25. Ng5 Nxg5 26. fxg5 Rf8 27. Re3 Bc6
28. Rf3 Qe8 29. Bc2 Bb5 30. Qf2 Rc8 31. Re1 Kg8 32. Rf4 Rc7 33. Qf3 Qc8 34. g4
hxg4 35. Rxg4 Rc4 36. Rg2 Rxd4 37. cxd4 Qc4 38. Qg4 1-0

[Event "Steiermark-Norwegen 4"]
[Site "?"]
[Date "2008.02.11"]
[Round "1.2"]
[White "Wicklund-Hansen, R."]
[Black "Mira, H."]
[Result "1/2-1/2"]
[WhiteElo "1886"]
[BlackElo "2153"]
[PlyCount "165"]
[EventDate "2008.??.??"]

1. d4 Nf6 2. Nf3 e6 3. c4 b5 4. cxb5 a6 5. e3 axb5 6. Bxb5 c5 7. Nc3 cxd4 8.
Qxd4 Na6 9. O-O Bc5 10. Qd1 O-O 11. b3 Qa5 12. Bb2 Bb4 13. Bxa6 Bxa6 14. Ne2 d5
15. a3 Be7 16. Nfd4 Rfc8 17. Re1 Ne4 18. b4 Qb6 19. Nb3 Qb8 20. Nd2 Nc5 21. Nf4
Bd6 22. Qg4 g6 23. Nh5 Nd7 24. Rac1 Bxh2+ 25. Kh1 Be5 26. Bxe5 Qxe5 27. Nf4 Qb2
28. Rxc8+ Rxc8 29. Nf3 Nf6 30. Qh3 Ne4 31. Qh4 Qxa3 32. Qe7 Rf8 33. Ne5 Qc3 34.
Nxf7 Qxe1+ 35. Kh2 Rxf7 36. Qe8+ Kg7 37. Nxe6+ Kf6 38. Nd8 Qxf2 39. Qxf7+ Kg5
40. Qxd5+ Qf5 41. Nf7+ Kf6 42. Qc6+ Qe6 43. Qc7 Bc4 44. Qf4+ Qf5 45. Ne5 Qxf4+
46. exf4 Bb5 47. Nf3 Nc3 48. Nd4 Ba4 49. g4 Nd5 50. b5 Bxb5 51. Nxb5 Nxf4 52.
Kg3 Kg5 53. Nd4 Nd5 54. Nf3+ Kf6 55. Kh4 Nc3 56. Ng5 h6 57. Nf3 Ke6 58. Kg3
Ne2+ 59. Kf2 Nf4 60. Kg3 g5 61. Nd4+ Ke5 62. Nf5 h5 63. Nh6 h4+ 64. Kh2 Ng6 65.
Nf7+ Kf4 66. Nh6 Kf3 67. Kh3 Nf4+ 68. Kh2 h3 69. Kg1 Kg3 70. Kh1 Nd3 71. Nf5+
Kxg4 72. Ne3+ Kf3 73. Nf1 g4 74. Kh2 Ne5 75. Ng3 Ke3 76. Nh1 Kf3 77. Ng3 Nc4
78. Nf1 Kf2 79. Ng3 Ne3 80. Ne4+ Kf3 81. Ng5+ Kf4 82. Nxh3+ Kf5 83. Nf2 1/2-1/2

[Event "Steiermark-Norwegen 4"]
[Site "?"]
[Date "2008.02.11"]
[Round "1.4"]
[White "Birkestrand, O."]
[Black "Kratschmer, H."]
[Result "0-1"]
[WhiteElo "1800"]
[BlackElo "2099"]
[PlyCount "36"]
[EventDate "2008.??.??"]

1. e4 c5 2. c3 g6 3. Nf3 Bg7 4. d4 cxd4 5. cxd4 d5 6. exd5 Nf6 7. Bb5+ Nbd7 8.
Nc3 O-O 9. d6 exd6 10. O-O a6 11. Qa4 Nb6 12. Qa5 axb5 13. Qxb5 Be6 14. Bf4 Bc4
15. Qb4 Bxf1 16. Rxf1 Nfd5 17. Nxd5 Nxd5 18. Qxd6 Rxa2 0-1

[Event "Störtebeker-Sachsen 1"]
[Site "?"]
[Date "2008.02.11"]
[Round "1.1"]
[White "Mewes, H."]
[Black "Siegmund, R."]
[Result "0-1"]
[WhiteElo "1958"]
[BlackElo "2170"]
[PlyCount "118"]
[EventDate "2008.??.??"]

1. d4 Nf6 2. c4 e6 3. Nc3 Bb4 4. e3 c5 5. Bd3 Nc6 6. Nge2 cxd4 7. exd4 d5 8. a3
Be7 9. b4 dxc4 10. Bxc4 O-O 11. Bg5 Nd5 12. Bxe7 Ncxe7 13. Nxd5 Nxd5 14. Qd2 b6
15. O-O Bb7 16. Rac1 Qd6 17. Bd3 a5 18. bxa5 Rxa5 19. a4 Rfa8 20. Bb5 Rd8 21.
Qd3 Raa8 22. Rfd1 g6 23. Qg3 Qxg3 24. hxg3 Rac8 25. Kf1 Kf8 26. Ke1 Ke7 27.
Rxc8 Rxc8 28. Kd2 h5 29. f3 Kd6 30. Rh1 Rc7 31. Rb1 Bc6 32. Nf4 Ne7 33. Kd3 Nf5
34. Ne2 Kd7 35. Rb2 Nd6 36. Bxc6+ Rxc6 37. Rb4 Nf5 38. Rb1 Ne7 39. Rb5 Nd5 40.
Rb1 Rc7 41. f4 Ra7 42. Ra1 Ra5 43. Nc3 Nxc3 44. Kxc3 b5 45. Kb4 Rxa4+ 46. Rxa4
bxa4 47. Kxa4 Kd6 48. Kb4 Kd5 49. Kc3 Ke4 50. Kc4 h4 51. Kc5 hxg3 52. Kc4 Ke3
53. d5 exd5+ 54. Kxd5 Kf2 55. Ke4 Kxg2 56. f5 gxf5+ 57. Kxf5 Kf3 58. Kf6 g2 59.
Kxf7 g1=Q 0-1

[Event "Störtebeker-Sachsen 1"]
[Site "?"]
[Date "2008.02.11"]
[Round "1.2"]
[White "Zoephel, H."]
[Black "Schäfer, H."]
[Result "1-0"]
[WhiteElo "2160"]
[BlackElo "1737"]
[PlyCount "57"]
[EventDate "2008.??.??"]

1. e4 c5 2. Nf3 d6 3. d4 cxd4 4. Nxd4 Nf6 5. Nc3 a6 6. Be2 e6 7. Be3 Be7 8. Qd2
Qc7 9. f4 Nc6 10. Nb3 b5 11. Bf3 Bb7 12. Qf2 Rc8 13. Bb6 Qb8 14. a3 Qa8 15. O-O
O-O 16. Rfe1 Nd7 17. Be3 Nf6 18. Nd4 Na5 19. Rad1 Nc4 20. Bc1 Rfe8 21. Qg3 Nxa3
22. e5 Nd7 23. Bxb7 Qxb7 24. bxa3 Rc4 25. Ne4 Qb6 26. Be3 Nc5 27. Nxd6 Bxd6 28.
exd6 Qd8 29. Nc6 1-0

[Event "Störtebeker-Sachsen 1"]
[Site "?"]
[Date "2008.02.11"]
[Round "1.3"]
[White "Buck, K."]
[Black "Jänig, R."]
[Result "0-1"]
[WhiteElo "1805"]
[BlackElo "2164"]
[PlyCount "82"]
[EventDate "2008.??.??"]

1. b4 e5 2. a3 Nf6 3. Bb2 d6 4. e3 g6 5. c4 Bg7 6. Nc3 O-O 7. Nf3 e4 8. Nd4
Nbd7 9. Be2 c5 10. Nb3 b6 11. b5 Ne5 12. Qc2 Bf5 13. Nc1 Re8 14. h3 h5 15. Nd5
Nxd5 16. cxd5 Qg5 17. g3 Nd3+ 18. Bxd3 exd3 19. Qb3 Bxb2 20. Qxb2 Be4 21. Rg1
Qxd5 22. Na2 Qf5 23. g4 Qf3 24. Nc1 Qxh3 25. gxh5 Qxh5 26. Qf6 Qe5 27. Qxe5
Rxe5 28. f4 Rh5 29. Na2 d5 30. Nc3 Re8 31. O-O-O d4 32. Nxe4 Rxe4 33. Rdf1 Kf8
34. Rg3 dxe3 35. Rxe3 Rxe3 36. dxe3 c4 37. a4 Rh2 38. f5 gxf5 39. Rxf5 c3 40.
Rf1 Ra2 41. Kb1 Rxa4 0-1

[Event "England B-Schweden 3"]
[Site "?"]
[Date "2008.02.11"]
[Round "1.1"]
[White "Wade, R."]
[Black "Sjostrom, O."]
[Result "1-0"]
[WhiteElo "2155"]
[BlackElo "2000"]
[PlyCount "85"]
[EventDate "2008.??.??"]

1. d4 Nf6 2. Nc3 d5 3. Bg5 c5 4. e3 Bf5 5. Bd3 Bxd3 6. Qxd3 c4 7. Qe2 e6 8. Nf3
Be7 9. O-O O-O 10. Ne5 Nbd7 11. f4 Nxe5 12. fxe5 Nd7 13. Bxe7 Qxe7 14. e4 Nb6
15. exd5 exd5 16. Qf3 Rad8 17. a4 f6 18. a5 fxe5 19. Qe2 Nc8 20. Rxf8+ Qxf8 21.
Qxe5 Qf6 22. Re1 Qc6 23. Qg5 Qf6 24. Qe5 Qc6 25. h3 b6 26. axb6 Nxb6 27. Qg5
Qf6 28. Qxf6 gxf6 29. Re7 a5 30. Rb7 Rd6 31. Kf2 Nd7 32. Ra7 Kf7 33. Rxa5 Ke6
34. Ke3 Nf8 35. Nb5 Rc6 36. Ra6 Rxa6 37. Nc7+ Kd6 38. Nxa6 Ne6 39. c3 Nc7 40.
Nxc7 Kxc7 41. Kf4 Kb6 42. Kf5 Kb5 43. Kxf6 1-0

[Event "England B-Schweden 3"]
[Site "?"]
[Date "2008.02.11"]
[Round "1.2"]
[White "Ohrn, S."]
[Black "Prizant, M."]
[Result "1/2-1/2"]
[WhiteElo "1947"]
[BlackElo "2169"]
[PlyCount "58"]
[EventDate "2008.??.??"]

1. e4 c5 2. Nf3 g6 3. d4 cxd4 4. Nxd4 Bg7 5. c4 Nc6 6. Be3 Nf6 7. Nc3 O-O 8.
Be2 b6 9. O-O Bb7 10. f3 Qb8 11. Qd2 Rd8 12. Ndb5 d6 13. Nd5 Rd7 14. Rfd1 Qf8
15. Rac1 Rad8 16. Qe1 e6 17. Nxf6+ Bxf6 18. Rc2 d5 19. cxd5 exd5 20. exd5 Rxd5
21. Rxd5 Rxd5 22. Kh1 Qe7 23. Bf2 Rd8 24. Rd2 Bg5 25. Rxd8+ Qxd8 26. Bf1 Bf6
27. Nc3 Ne5 28. Ne4 Be7 29. Qd2 Qxd2 1/2-1/2

[Event "England B-Schweden 3"]
[Site "?"]
[Date "2008.02.11"]
[Round "1.3"]
[White "Macdonald-Ross, M."]
[Black "Andersson, M."]
[Result "1/2-1/2"]
[WhiteElo "2154"]
[BlackElo "1825"]
[PlyCount "70"]
[EventDate "2008.??.??"]

1. d4 d5 2. Nf3 c6 3. e3 Bf5 4. c4 e6 5. Qb3 Qc7 6. Nc3 Nd7 7. Bd2 Ngf6 8. Rc1
Qb6 9. Be2 Qxb3 10. axb3 Bb4 11. O-O O-O 12. Nh4 Bg6 13. Nxg6 hxg6 14. Rfd1
Bxc3 15. Bxc3 Ne4 16. Bb4 Rfe8 17. Be1 f5 18. f3 Nef6 19. h3 Kf7 20. g4 g5 21.
Kg2 g6 22. h4 gxh4 23. g5 h3+ 24. Kxh3 Rh8+ 25. Kg2 Nh5 26. Bb4 Rh7 27. Rh1
Rah8 28. Bd6 Ng7 29. Rxh7 Rxh7 30. Ra1 a6 31. c5 e5 32. Ra4 Ke6 33. f4 e4 34.
Bc7 Ne8 35. Ba5 Nb8 1/2-1/2

[Event "England B-Schweden 3"]
[Site "?"]
[Date "2008.02.11"]
[Round "1.4"]
[White "Keller, G."]
[Black "Ashby, A."]
[Result "0-1"]
[WhiteElo "1599"]
[BlackElo "2166"]
[PlyCount "100"]
[EventDate "2008.??.??"]

1. e4 e6 2. d4 d5 3. e5 c5 4. c3 Nc6 5. Nf3 Nh6 6. Bxh6 gxh6 7. a3 Bg7 8. Be2
cxd4 9. cxd4 O-O 10. Qd2 f6 11. Nc3 fxe5 12. Nxe5 Nxe5 13. dxe5 Qg5 14. Qxg5
hxg5 15. h4 gxh4 16. Rxh4 Bxe5 17. Bd3 Rf7 18. Ke2 Bf6 19. Rh5 e5 20. f3 e4 21.
Bc2 Bxc3 22. bxc3 Be6 23. Rg5+ Rg7 24. Rxg7+ Kxg7 25. fxe4 Re8 26. Kf2 Rc8 27.
Rb1 b6 28. Bb3 Rxc3 29. exd5 Bd7 30. a4 Kf6 31. Ke2 Ke5 32. Kd2 Rg3 33. Re1+
Kd6 34. Bc2 Rxg2+ 35. Kc1 h5 36. Rh1 Rg5 37. Bb3 Kc5 38. Kb2 a6 39. Rh4 b5 40.
axb5 axb5 41. Rh2 Re5 42. Rc2+ Kd6 43. Rf2 Bf5 44. Rh2 Bg4 45. Ka3 Re2 46. Rh1
Re4 47. Bc2 Bf3 48. Rh3 Rf4 49. Rg3 Bg4 50. Rc3 b4+ 0-1

[Event "Seniorenclub Dresden-Königl. Schachv. D"]
[Site "?"]
[Date "2008.02.11"]
[Round "1.2"]
[White "Dickhoff, R."]
[Black "Gäbler, H."]
[Result "1-0"]
[WhiteElo "2158"]
[BlackElo "1658"]
[PlyCount "69"]
[EventDate "2008.??.??"]

1. d4 d5 2. c4 e6 3. Nf3 Nf6 4. Bg5 Be7 5. e3 c6 6. Nc3 Nbd7 7. Rc1 h6 8. Bh4
O-O 9. Bd3 dxc4 10. Bxc4 Nd5 11. Bxe7 Qxe7 12. O-O Re8 13. a3 N5b6 14. Ba2 Nf8
15. Ne5 Rd8 16. Ne4 Nd5 17. Qe2 Bd7 18. Nc5 Be8 19. f4 f6 20. Ned3 b6 21. Na6
Rac8 22. Rc2 Qb7 23. Bc4 Nc7 24. Nab4 a5 25. Na2 Bf7 26. Nc3 Na6 27. Ne5 b5 28.
Nxf7 Qxf7 29. Ba2 Nc7 30. Rfc1 Qd7 31. Ne4 f5 32. Nc5 Qe7 33. Nb7 Rd6 34. Rxc6
Qd7 35. Qc2 1-0

[Event "Seniorenclub Dresden-Königl. Schachv. D"]
[Site "?"]
[Date "2008.02.11"]
[Round "1.3"]
[White "Mann, D."]
[Black "Lindner, J."]
[Result "0-1"]
[WhiteElo "1781"]
[BlackElo "2101"]
[PlyCount "80"]
[EventDate "2008.??.??"]

1. e4 e6 2. d4 d5 3. exd5 exd5 4. Nf3 Bd6 5. Be2 Ne7 6. O-O O-O 7. Re1 Nbc6 8.
c3 Be6 9. Nbd2 Ng6 10. Nf1 Qd7 11. Ng3 h6 12. Be3 f5 13. Bd3 Qf7 14. Qc2 Nce7
15. Bd2 f4 16. Nf1 Bg4 17. Ne5 Bxe5 18. dxe5 f3 19. g3 c5 20. e6 Bxe6 21. Re3
c4 22. Bxg6 Nxg6 23. Rae1 Bf5 24. Qa4 Bd3 25. Re6 Be2 26. Re3 Qf5 27. R3xe2
fxe2 28. Rxe2 Qf3 29. Qd1 Ne5 30. Be3 Nd3 31. b3 Rae8 32. Nd2 Qh5 33. f3 b5 34.
Bd4 Rxe2 35. Qxe2 Re8 36. Be3 Qe5 37. Nf1 Qxc3 38. Qd2 Qf6 39. f4 d4 40. bxc4
bxc4 0-1

[Event "Seniorenclub Dresden-Königl. Schachv. D"]
[Site "?"]
[Date "2008.02.11"]
[Round "1.4"]
[White "Monte, P."]
[Black "Höppner, K."]
[Result "1-0"]
[WhiteElo "2086"]
[BlackElo "1388"]
[PlyCount "97"]
[EventDate "2008.??.??"]

1. f4 g6 2. Nf3 Bg7 3. d3 d6 4. g3 b6 5. Bg2 Bb7 6. O-O Nf6 7. e4 Nbd7 8. Nc3
O-O 9. Qe1 Ng4 10. h3 Nh6 11. g4 f6 12. Qh4 Nf7 13. Qg3 e5 14. fxe5 Nfxe5 15.
d4 Nxf3+ 16. Bxf3 Qe7 17. Re1 Rae8 18. Bf4 g5 19. Be3 c5 20. dxc5 dxc5 21. Rad1
Ne5 22. Bg2 Nc4 23. Bc1 Rd8 24. Bf1 Rxd1 25. Bxc4+ Kh8 26. Nxd1 Qd7 27. b3 Qd4+
28. Qe3 Qe5 29. Bb2 Qe7 30. Nf2 a6 31. Bd5 Bc8 32. c4 h6 33. Nh1 Rd8 34. Ng3
Qc7 35. Nf5 Bxf5 36. exf5 Qd6 37. Kg2 Bf8 38. Qe6 Qxe6 39. Rxe6 Rd6 40. Bxf6+
Kh7 41. Rxd6 Bxd6 42. a4 Bc7 43. Kf3 h5 44. Ke4 hxg4 45. hxg4 b5 46. axb5 axb5
47. cxb5 Bb6 48. Bf7 Bc7 49. Kd5 1-0

[Event "Italien-Norwegen 5"]
[Site "?"]
[Date "2008.02.11"]
[Round "1.3"]
[White "Laco, G."]
[Black "Flotten, E."]
[Result "1-0"]
[WhiteElo "2154"]
[BlackElo "1603"]
[PlyCount "131"]
[EventDate "2008.??.??"]

1. c4 c5 2. Nc3 e6 3. e4 Nc6 4. f4 e5 5. d3 d6 6. g3 Nd4 7. Bg2 Nf6 8. fxe5
dxe5 9. Nd5 Nxd5 10. cxd5 Bd6 11. Nh3 h6 12. O-O O-O 13. Be3 Bd7 14. Nf2 Qc8
15. g4 Qd8 16. Qd2 Qh4 17. h3 Qg3 18. Nh1 Qh4 19. Rac1 b6 20. Rcd1 a5 21. Qf2
Qxf2+ 22. Rxf2 a4 23. Ng3 b5 24. Nh5 Be7 25. Ng3 Bh4 26. Kh2 b4 27. Rc1 Rac8
28. Bf1 b3 29. a3 Nc2 30. Rfxc2 bxc2 31. Rxc2 Be7 32. Nf5 Bxf5 33. gxf5 Rc7 34.
Kg3 f6 35. Rc4 Rb8 36. Bc1 Ra8 37. Be2 Rca7 38. Bd1 Bd6 39. Kf3 Kf8 40. Ke2 Kf7
41. Kd2 g6 42. fxg6+ Kxg6 43. Bg4 Rb8 44. Kc2 Kg7 45. h4 Rb6 46. h5 Rb8 47. Bd1
Rf8 48. Kb1 Rfa8 49. Rc2 Kh7 50. Bg4 Bf8 51. Be3 Rc7 52. Bf5+ Kh8 53. d4 exd4
54. Bxd4 Kg7 55. e5 Raa7 56. exf6+ Kf7 57. Be6+ Ke8 58. Be5 Kd8 59. Rg2 Rcb7
60. Rg8 Rf7 61. Bxf7 Rxf7 62. Bd6 Ke8 63. Rxf8+ Rxf8 64. Bxf8 Kxf8 65. d6 Ke8
66. Kc2 1-0

[Event "Italien-Norwegen 5"]
[Site "?"]
[Date "2008.02.11"]
[Round "1.4"]
[White "Lovaas, T."]
[Black "Guaglianone, M."]
[Result "0-1"]
[WhiteElo "1378"]
[BlackElo "2033"]
[PlyCount "50"]
[EventDate "2008.??.??"]

1. f4 Nf6 2. b3 g6 3. Bb2 Bg7 4. e3 O-O 5. Nf3 d6 6. Bc4 Nc6 7. O-O e5 8. fxe5
Ng4 9. Nc3 Ncxe5 10. Be2 d5 11. h3 Nh6 12. Na4 Nxf3+ 13. Rxf3 f5 14. Bxg7 Kxg7
15. Nb2 Nf7 16. Nd3 c6 17. Qe1 Qf6 18. Rc1 Ng5 19. Rf1 Ne4 20. Nf2 Ng3 21. Ng4
Qd6 22. Rf4 Nxe2+ 23. Qxe2 fxg4 24. Rxf8 Qxf8 25. Rf1 Qe7 0-1